[Event "Vilnius Zavanelli Memorial op-A"]
[Site "Vilnius"]
[Date "2018.10.25"]
[Round "6"]
[White "Indriunas, Matas"]
[Black "Rimeikis, Andrius"]
[Result "1-0"]
[WhiteElo "1835"]
[BlackElo "2114"]
[PlyCount "54"]
[EventDate "2018.10.22"]
[EventType "swiss"]
[EventRounds "9"]
[EventCountry "LTU"]
[SourceTitle "CBM 187 Extra"]
[Source "ChessBase"]
[SourceDate "2018.11.04"]
[SourceVersion "1"]
[SourceVersionDate "2018.11.04"]
[SourceQuality "1"]

1. e4 e5 2. Nf3 Nc6 3. Bb5 a6 4. Ba4 Nf6 5. 0-0 b5 6. Bb3 Be7 7. Re1 0-0 8. d3 d6 9. c3 Na5 10. Bc2 c5 11. h3 Re8 12. Nbd2 Bf8 13. Nf1 h6 14. Ng3 g6 15. Be3 Bg7 16. a4 b4 17. cxb4 cxb4 18. b3 Qc7 19. Rc1 Qb7 20. d4 Bd7 21. Bd3 exd4 22. Bxd4 Rac8 23. Nd2 Be6 24. Rxc8 Rxc8 25. f4 Ne8 26. Bxg7 Nxg7 27. f5 Rc3 1-0

[Event "Vilnius Zavanelli Memorial op-A"]
[Site "Vilnius"]
[Date "2018.10.24"]
[Round "4"]
[White "Golubovskis, Maksims"]
[Black "Rimeikis, Andrius"]
[Result "0-1"]
[WhiteElo "2049"]
[BlackElo "2114"]
[PlyCount "78"]
[EventDate "2018.10.22"]
[EventType "swiss"]
[EventRounds "9"]
[EventCountry "LTU"]
[SourceTitle "CBM 187 Extra"]
[Source "ChessBase"]
[SourceDate "2018.11.04"]
[SourceVersion "1"]
[SourceVersionDate "2018.11.04"]
[SourceQuality "1"]

1. e4 e5 2. Nf3 Nc6 3. Bb5 a6 4. Ba4 Nf6 5. 0-0 b5 6. Bb3 Be7 7. c3 0-0 8. Re1 d5 9. exd5 Nxd5 10. Nxe5 Nxe5 11. Rxe5 c6 12. d4 Bd6 13. Re1 Qh4 14. g3 Qh3 15. Qd3 Bg4 16. Be3 f5 17. f4 Rae8 18. Nd2 Kh8 19. Qf1 Qh5 20. Qg2 Re4 21. Nxe4 fxe4 22. h4 h6 23. Rf1 Qf5 24. Kh2 Qh5 25. Kg1 Qf5 26. a4 Bh3 27. Qe2 Bg4 28. Qh2 Rf6 29. axb5 axb5 30. Ra5 Rg6 31. Kf2 Bh3 32. Rh1 Qg4 33. Qxh3 Qf3+ 34. Ke1 Qxe3+ 35. Kd1 Qd3+ 36. Kc1 Bxf4+ 37. gxf4 Rg1+ 38. Rxg1 Qxh3 39. Rg6 Qf1+ 0-1

[Event "Plunge op 36th"]
[Site "Plateliai"]
[Date "2016.07.24"]
[Round "9"]
[White "Rimeikis, Andrius"]
[Black "Kalvaitis, Sigitas"]
[Result "0-1"]
[WhiteElo "2132"]
[BlackElo "2285"]
[PlyCount "82"]
[EventDate "2016.07.18"]
[EventType "swiss"]
[EventRounds "9"]
[EventCountry "LTU"]
[SourceTitle "EXT 2018"]
[Source "ChessBase"]
[SourceDate "2017.10.13"]
[SourceVersion "1"]
[SourceVersionDate "2017.10.13"]
[SourceQuality "1"]

1. d4 e6 2. c4 Nf6 3. Nf3 d5 4. Bg5 Be7 5. Nc3 0-0 6. e3 Nbd7 7. Be2 dxc4 8. Bxc4 a6 9. 0-0 b5 10. Bb3 Bb7 11. Qe2 c5 12. Rfd1 Qb6 13. Rac1 Rfd8 14. h3 Rac8 15. Bc2 cxd4 16. exd4 Nf8 17. d5 b4 18. Na4 a5 19. Bxf6 Bxf6 20. dxe6 Nxe6 21. b3 Rxd1+ 22. Qxd1 Rd8 23. Qe2 Nd4 24. Qe3 Bxf3 25. gxf3 Bg5 26. Bxh7+ Kxh7 27. Qd3+ Nf5 28. Rc5 Qxc5 29. Nxc5 Rxd3 30. Nxd3 Be7 31. Ne5 f6 32. Nc6 Bc5 33. Nb8 Nd4 34. Na6 Bd6 35. Kf1 Nxf3 36. Ke2 Ng1+ 37. Kd3 Nxh3 38. Kc4 Nxf2 39. Nxb4 g5 40. Nd5 f5 41. a4 g4 0-1

[Event "Plunge op 36th"]
[Site "Plateliai"]
[Date "2016.07.21"]
[Round "6"]
[White "Sarauskas, Andrius"]
[Black "Rimeikis, Andrius"]
[Result "1/2-1/2"]
[WhiteElo "1591"]
[BlackElo "2132"]
[PlyCount "91"]
[EventDate "2016.07.18"]
[EventType "swiss"]
[EventRounds "9"]
[EventCountry "LTU"]
[SourceTitle "EXT 2018"]
[Source "ChessBase"]
[SourceDate "2017.10.13"]
[SourceVersion "1"]
[SourceVersionDate "2017.10.13"]
[SourceQuality "1"]

1. e4 e5 2. Nf3 Nc6 3. Bb5 a6 4. Bxc6 dxc6 5. d3 f6 6. Nbd2 Be6 7. Qe2 Qd7 8. Nc4 Ne7 9. Be3 Nc8 10. Nfd2 Nd6 11. Rd1 0-0-0 12. 0-0 Nb5 13. Nb3 Nd4 14. Nxd4 exd4 15. Bf4 Be7 16. Qd2 h5 17. Qa5 g5 18. Bd2 c5 19. f4 Bxc4 20. dxc4 Qe6 21. fxg5 fxg5 22. Qa4 Rhf8 23. Rxf8 Rxf8 24. Rf1 Qxe4 25. Rxf8+ Bxf8 26. Qb3 Qe2 27. Qd3 Qe5 28. Qf3 Qe8 29. Bxg5 Bd6 30. Bd2 Qg6 31. Qd3 Qf7 32. Qh3+ Kb8 33. b3 Qg6 34. Qd3 Qg4 35. Qf3 Qg6 36. Qd3 Qe6 37. Qf3 h4 38. Kf1 Qe5 39. h3 Qh2 40. Be1 Qh1+ 41. Ke2 Qg1 42. Bxh4 Qc1 43. Qe4 Bf4 44. Be1 b5 45. Qd3 Ka7 46. Bd2 1/2-1/2

[Event "LTU-chT"]
[Site "Lithuania"]
[Date "2015.01.24"]
[Round "1.3"]
[White "Rimeikis, Andrius"]
[Black "Butvilas, Aistis"]
[Result "1/2-1/2"]
[WhiteElo "2158"]
[BlackElo "1616"]
[PlyCount "146"]
[EventDate "2015.01.24"]
[EventType "team-tourn"]
[EventRounds "7"]
[EventCountry "LTU"]
[SourceTitle "CBM 164 Extra"]
[Source "ChessBase"]
[SourceDate "2015.03.02"]
[SourceVersion "1"]
[SourceVersionDate "2015.03.02"]
[SourceQuality "1"]
[WhiteTeam "Plunge Bokstas"]
[BlackTeam "Kaunas Margiris II"]
[WhiteTeamCountry "LTU"]
[BlackTeamCountry "LTU"]

1. e4 c6 2. d4 d5 3. Nc3 dxe4 4. Nxe4 Bf5 5. Ng3 Bg6 6. h4 h6 7. Nf3 Nd7 8. h5 Bh7 9. Bd3 Bxd3 10. Qxd3 e6 11. Bf4 Qa5+ 12. Bd2 Qc7 13. 0-0-0 Ngf6 14. Qe2 0-0-0 15. Ne5 Nxe5 16. dxe5 Nd7 17. Rhe1 Be7 18. Kb1 Bh4 19. Nf1 c5 20. Bf4 Nb6 21. g3 Bg5 22. Nd2 Nd5 23. Bxg5 hxg5 24. Nc4 Kb8 25. Qg4 Qe7 26. f4 gxf4 27. gxf4 f5 28. exf6 Nxf6 29. Rxd8+ Rxd8 30. Qe2 Qf7 31. Qe5+ Ka8 32. Qxc5 Qxh5 33. Qg1 Nd5 34. Qxg7 Nxf4 35. a3 Qd5 36. Qc3 Qc6 37. Qf6 Rc8 38. Qxf4 Qxc4 39. Qxc4 Rxc4 40. Rxe6 a6 41. b3 Rc8 42. Kb2 Ka7 43. a4 Rc7 44. Rh6 Rg7 45. Ka3 Rg2 46. Kb2 Rg7 47. Rd6 Rc7 48. Kc1 Rh7 49. Kd2 Rh2+ 50. Kd3 Rh3+ 51. Kc4 Rh2 52. Kc3 Rh3+ 53. Kb4 Rh4+ 54. c4 Rh3 55. a5 Rg3 56. Rd1 Rh3 57. Rc1 Rg3 58. Rc3 Rg4 59. Rd3 Rg5 60. Rd7 Rg4 61. Kc5 Rg5+ 62. Rd5 Rg3 63. b4 Rg4 64. b5 axb5 65. cxb5 Ra4 66. a6 Ra1 67. Rd7 Rc1+ 68. Kb4 Rb1+ 69. Ka4 Ra1+ 70. Kb3 Rb1+ 71. Kc2 Rxb5 72. Rxb7+ Rxb7 73. axb7 Kxb7 1/2-1/2

[Event "Plunge op 34th"]
[Site "Plateliai"]
[Date "2014.07.18"]
[Round "7"]
[White "Zukauskas, Arnas Povilas"]
[Black "Rimeikis, Andrius"]
[Result "0-1"]
[WhiteElo "1713"]
[BlackElo "2183"]
[PlyCount "41"]
[EventDate "2014.07.14"]
[EventType "swiss"]
[EventRounds "9"]
[EventCountry "LTU"]
[SourceTitle "EXT 2015"]
[Source "ChessBase"]
[SourceDate "2014.11.20"]
[SourceVersion "1"]
[SourceVersionDate "2014.11.20"]
[SourceQuality "1"]

1. d4 Nf6 2. c4 g6 3. Nc3 d5 4. Nf3 Bg7 5. Bg5 Ne4 6. cxd5 Nxc3 7. bxc3 Qxd5 8. e3 Nc6 9. Qb3 Qa5 10. Bh4 h6 11. Bb5 Bd7 12. 0-0 g5 13. Bg3 e6 14. d5 exd5 15. Qxd5 Qxc3 16. Qe4+ Kf8 17. Rac1 Qa5 18. Qd5 Be6 19. Qc5+ Kg8 20. Bxc6 Qxc5 21. Rxc5 0-1

[Event "Plunge op 34th"]
[Site "Plateliai"]
[Date "2014.07.17"]
[Round "5"]
[White "Vaicekauskas, Gytis"]
[Black "Rimeikis, Andrius"]
[Result "1-0"]
[WhiteElo "2140"]
[BlackElo "2183"]
[PlyCount "38"]
[EventDate "2014.07.14"]
[EventType "swiss"]
[EventRounds "9"]
[EventCountry "LTU"]
[SourceTitle "EXT 2015"]
[Source "ChessBase"]
[SourceDate "2014.11.20"]
[SourceVersion "1"]
[SourceVersionDate "2014.11.20"]
[SourceQuality "1"]

1. e4 e5 2. d4 exd4 3. Nf3 Nc6 4. Nxd4 Nf6 5. Bc4 Nxe4 6. Qh5 Qf6 7. Nxc6 Qxf2+ 8. Kd1 bxc6 9. Rf1 Qd4+ 10. Nd2 d5 11. Qxf7+ Kd8 12. c3 Qe5 13. Nxe4 Qxe4 14. Bg5+ Be7 15. Qxg7 Bg4+ 16. Kc1 Re8 17. Rf4 Qe3+ 18. Kc2 Bd7 19. Bd3 Rb8 1-0

[Event "Plunge op 34th"]
[Site "Plateliai"]
[Date "2014.07.15"]
[Round "2"]
[White "Rimeikis, Andrius"]
[Black "Stauskas, Lukas"]
[Result "1-0"]
[WhiteElo "2183"]
[BlackElo "1795"]
[PlyCount "57"]
[EventDate "2014.07.14"]
[EventType "swiss"]
[EventRounds "9"]
[EventCountry "LTU"]
[SourceTitle "EXT 2015"]
[Source "ChessBase"]
[SourceDate "2014.11.20"]
[SourceVersion "1"]
[SourceVersionDate "2014.11.20"]
[SourceQuality "1"]

1. e4 c5 2. Nf3 d6 3. Bb5+ Nd7 4. c3 Ngf6 5. Qe2 a6 6. Ba4 b5 7. Bc2 e5 8. 0-0 Be7 9. d4 Bb7 10. Rd1 Qc7 11. d5 0-0 12. Nbd2 Rfe8 13. Nf1 Bf8 14. Ng3 g6 15. h3 Bg7 16. Be3 Nb6 17. Nh2 Bc8 18. Ng4 Nxg4 19. hxg4 Nc4 20. Bc1 Qe7 21. b3 Nb6 22. f3 Bf6 23. Be3 Bg5 24. Qd2 h6 25. Kf2 Bxe3+ 26. Qxe3 Qg5 27. Rh1 Qxe3+ 28. Kxe3 Kg7 29. a4 1-0

[Event "LTU-ch sf"]
[Site "Vilnius"]
[Date "2014.02.23"]
[Round "8"]
[White "Brazdzionis, Andrius"]
[Black "Rimeikis, Andrius"]
[Result "1-0"]
[WhiteElo "2049"]
[BlackElo "2170"]
[PlyCount "117"]
[EventDate "2014.02.17"]
[EventType "swiss"]
[EventRounds "8"]
[EventCountry "LTU"]
[SourceTitle "CBM 158 Extra"]
[Source "ChessBase"]
[SourceDate "2014.02.28"]
[SourceVersion "1"]
[SourceVersionDate "2014.02.28"]
[SourceQuality "1"]

1. d4 Nf6 2. Nf3 g6 3. c4 Bg7 4. Nc3 d5 5. h4 h6 6. Bf4 c6 7. e3 Be6 8. c5 b6 9. b4 0-0 10. Bd3 Bg4 11. 0-0 Nfd7 12. Be2 bxc5 13. bxc5 Bxf3 14. Bxf3 e5 15. Bg3 Qa5 16. Rc1 Na6 17. Qd2 Kh8 18. Rfd1 Nc7 19. dxe5 Ne6 20. Bg4 Ndxc5 21. Ne4 Qxd2 22. Nxd2 Rac8 23. Nf3 Ne4 24. Bh2 Rfe8 25. Bxe6 fxe6 26. Ne1 Bf8 27. f3 Nc5 28. Kf1 Rb8 29. Bg1 Rb5 30. Rc2 Nd7 31. Rxc6 Nxe5 32. Rc7 Nc4 33. e4 Rb2 34. Bd4+ Kg8 35. Rxc4 Rxa2 36. Rc7 dxe4 37. Rxa7 Rxa7 38. Bxa7 exf3 39. Nxf3 Be7 40. Be3 Bf8 41. Ne5 g5 42. Ng4 Bg7 43. hxg5 hxg5 44. Bxg5 Kh7 45. Ke2 Kg6 46. Be3 Ra8 47. Rd6 Kf5 48. Kf3 Ra4 49. Nf2 Be5 50. Rd7 Ra3 51. g4+ Kg6 52. Ke4 Bf6 53. Nd3 Ra4+ 54. Kf3 e5 55. Nc5 Ra3 56. Rd3 Ra1 57. Ne4 Be7 58. Rd5 Rf1+ 59. Ke2 1-0

[Event "LTU-ch sf"]
[Site "Vilnius"]
[Date "2014.02.18"]
[Round "3"]
[White "Rackevicius, Saulius"]
[Black "Rimeikis, Andrius"]
[Result "0-1"]
[WhiteElo "1950"]
[BlackElo "2170"]
[PlyCount "112"]
[EventDate "2014.02.17"]
[EventType "swiss"]
[EventRounds "8"]
[EventCountry "LTU"]
[SourceTitle "CBM 158 Extra"]
[Source "ChessBase"]
[SourceDate "2014.02.28"]
[SourceVersion "1"]
[SourceVersionDate "2014.02.28"]
[SourceQuality "1"]

1. e4 e5 2. Nf3 Nc6 3. Bb5 Nf6 4. 0-0 Nxe4 5. d4 Nd6 6. Bxc6 dxc6 7. dxe5 Nf5 8. Qe2 Nd4 9. Nxd4 Qxd4 10. c3 Qh4 11. Be3 Qg4 12. f3 Qg6 13. Nd2 Bf5 14. Qf2 Be7 15. Bc5 Bd8 16. Rfe1 b6 17. Ba3 a5 18. b3 c5 19. c4 0-0 20. Ne4 Re8 21. Bb2 Be7 22. Nc3 c6 23. Na4 Bd8 24. Re3 Bc7 25. f4 Rad8 26. Rg3 Qe6 27. Nc3 Rd7 28. Re1 Red8 29. h3 Rd2 30. Re2 Qd7 31. e6 Rxe2 32. Nxe2 Qd1+ 33. Kh2 g6 34. exf7+ Kxf7 35. Re3 Rd3 36. Rxd3 Qxd3 37. Bc1 Qc2 38. Qh4 h5 39. Qe1 Bd3 40. Nc3 Bd8 41. Qd2 Qxd2 42. Bxd2 Ke6 43. g4 h4 44. Kg2 b5 45. cxb5 cxb5 46. Kf3 b4 47. Na4 Kd5 48. Be3 c4 49. Bb6 Bxb6 50. Nxb6+ Kd4 51. Nxc4 Bxc4 52. bxc4 a4 53. c5 b3 54. axb3 axb3 55. c6 b2 56. c7 b1Q 0-1

[Event "LTU-chT"]
[Site "Lithuania"]
[Date "2014.02.08"]
[Round "4.3"]
[White "Rimeikis, Andrius"]
[Black "Bucinskas, Valdas"]
[Result "1/2-1/2"]
[WhiteElo "2170"]
[BlackElo "2360"]
[PlyCount "88"]
[EventDate "2014.01.25"]
[EventType "team-swiss"]
[EventRounds "7"]
[EventCountry "LTU"]
[SourceTitle "CBM 158 Extra"]
[Source "ChessBase"]
[SourceDate "2014.02.28"]
[SourceVersion "1"]
[SourceVersionDate "2014.02.28"]
[SourceQuality "1"]
[WhiteTeam "Plunge Bokstas"]
[BlackTeam "Vilnius SSM"]
[WhiteTeamCountry "LTU"]
[BlackTeamCountry "LTU"]

1. Nf3 d5 2. d4 c6 3. c4 e6 4. e3 f5 5. Be2 Nf6 6. 0-0 Bd6 7. b3 Qe7 8. Bb2 0-0 9. Qc1 b6 10. Ba3 c5 11. Nc3 Ba6 12. Rd1 dxc4 13. Bxc4 Bxc4 14. bxc4 cxd4 15. Bxd6 Qxd6 16. exd4 Rc8 17. Ne5 Nc6 18. Qe3 a6 19. Ne2 Rc7 20. Rac1 Rd8 21. Qb3 Rb8 22. Qe3 Nd7 23. Nxc6 Rxc6 24. d5 exd5 25. Rxd5 Qc7 26. Nd4 f4 27. Qe1 Rf6 28. Qe7 Rf7 29. Qe1 Nc5 30. Ne6 Nxe6 31. Qxe6 Kh8 32. Re1 h6 33. h3 f3 34. g4 Rf6 35. Qe5 Rc8 36. Rd4 Qf7 37. Ree4 Qg8 38. Qd5 Qf8 39. Qd7 Rf7 40. Qe6 Rf6 41. Qd7 Rfc6 42. Kh2 R6c7 43. Qe6 Rc6 44. Qd7 R6c7 1/2-1/2

[Event "Plateliai op 23rd"]
[Site "Plateliai"]
[Date "2013.07.15"]
[Round "1"]
[White "Rimeikis, Andrius"]
[Black "Lazaravicius, Aras Jonas"]
[Result "1-0"]
[WhiteElo "2131"]
[BlackElo "1531"]
[PlyCount "55"]
[EventDate "2013.07.15"]
[EventType "swiss"]
[EventRounds "9"]
[EventCountry "LTU"]
[SourceTitle "EXT 2014"]
[Source "ChessBase"]
[SourceDate "2013.11.20"]
[SourceVersion "1"]
[SourceVersionDate "2013.11.20"]
[SourceQuality "1"]

1. d4 d5 2. Nc3 Nf6 3. Bg5 Bf5 4. e3 e6 5. Bd3 Bg6 6. e4 dxe4 7. Nxe4 Bxe4 8. Bxe4 c6 9. Bf3 Qa5+ 10. Bd2 Qb6 11. Ne2 Nbd7 12. 0-0 Be7 13. c3 0-0 14. Qc2 Rac8 15. Ng3 Rfd8 16. Ne4 Nxe4 17. Bxe4 Nf6 18. Bd3 Rd7 19. Bf4 Rcd8 20. Be5 h6 21. a4 a5 22. Qe2 Kh8 23. Kh1 Kg8 24. f4 g6 25. g4 Re8 26. f5 exf5 27. Bxf6 c5 28. Bb5 1-0

[Event "LTU-ch sf"]
[Site "Vilnius"]
[Date "2013.03.01"]
[Round "8"]
[White "Laurusas, Tomas"]
[Black "Rimeikis, Andrius"]
[Result "1-0"]
[WhiteElo "2377"]
[BlackElo "2104"]
[PlyCount "65"]
[EventDate "2013.02.23"]
[EventType "swiss"]
[EventRounds "8"]
[EventCountry "LTU"]
[SourceTitle "CBM 153 Extra"]
[Source "ChessBase"]
[SourceDate "2013.04.22"]
[SourceVersion "1"]
[SourceVersionDate "2013.04.22"]
[SourceQuality "1"]

1. c4 Nf6 2. Nf3 g6 3. Nc3 d5 4. Qa4+ c6 5. cxd5 Nxd5 6. Nxd5 Qxd5 7. e4 Qd8 8. d4 Bg7 9. h3 Nd7 10. Qa3 h6 11. Be3 0-0 12. Rd1 Nb6 13. Be2 Be6 14. b3 Qc7 15. Qc1 Kh7 16. Bf4 Qc8 17. 0-0 f6 18. Rfe1 Re8 19. Qb2 Bf7 20. a4 Nd7 21. e5 f5 22. Bc4 e6 23. h4 Nb6 24. Bc1 Qd7 25. Be2 Nd5 26. Nd2 Rh8 27. Nc4 Bf8 28. Bf3 Be7 29. g3 Bb4 30. Bd2 Be7 31. b4 Rac8 32. Rc1 Kg7 33. b5 1-0